| 000 | 00594nam a2200181Ia 4500 | ||
|---|---|---|---|
| 005 | 20250508151837.0 | ||
| 008 | 008 250505s9999 xx 000 0 eng d | ||
| 037 | _aTextual | ||
| 040 |
_aFEDL _beng _cFEDL |
||
| 041 |
_aeng _2eng |
||
| 084 |
_a371.42, WRI _qFEDL |
||
| 100 |
_aWright Barbara H _9760138 |
||
| 245 | 0 | _aPractical hand book for group guidance for teacher-advisers of homerooms, common learnings classes, and clubs | |
| 260 |
_aChicago, USA _bScience Research Associates _c1948 |
||
| 300 | _avi,225p. | ||
| 942 |
_cTEXL _h371.42, WRI |
||
| 999 |
_c1332461 _d1332461 |
||